000 00525nam a2200169 i 4500
001 51892
003 ES-MaACL
005 20230906162451.0
007 t|
008 030820s1963 sp ||||1| spa d
100 1 _aDartan, Jacques.
_942759
245 1 3 _aLa economía, historia de locos /
_cJacques Dartan ; traducción castellana de Jaime Berenguer Amenos.
260 _aBarcelona :
_bVergara,
_c[1963]
300 _a339 p. ;
_c22 cm.
700 1 _aBerenguer Amenós, Jaime.
_927893
852 _aES-MaACL
_jC-24348
_bR.53181
999 _c51892
_d51892